Statistics for Castle on a cloud lyrics

Click here to take the quiz!

General Stats

  • This quiz has been taken 5 times
  • The average score is 105 of 116

Answer Stats

Answer% Correct
a
100%
and
100%
any
100%
are
100%
aren't
100%
castle
100%
cloud
100%
Cosette
100%
floors
100%
go
100%
holds
100%
i
100%
in
100%
is
100%
know
100%
like
100%
love
100%
lullaby
100%
me
100%
much
100%
my
100%
nice
100%
no
100%
not
100%
on
100%
one
100%
place
100%
she
100%
sings
100%
sleep
100%
sweep
100%
there
100%
to
100%
touch
100%
very
100%
where
100%
you
100%
all
75%
allowed
75%
at
75%
cries
75%
crying
75%
for
75%
lady
75%
lost
75%
one's
75%
says
75%
see
75%
she's
75%
soft
75%
white
75%
boys
50%
full
50%
girls
50%
hundred
50%
loud
50%
nobody
50%
of
50%
or
50%
room
50%
shouts
50%
talks
50%
that's
50%
too
50%
toys
50%

Score Distribution

Percentile by Number Answered

Percent of People with Each Score

Your Score History

You have not taken this quiz